000 00495nam a22001457a 4500
003 0
005 20221028133302.0
008 221028b xxu||||| |||| 00| 0 eng d
050 _aRC440.8
_b.P47 2021
245 _aCase studies of adolescents who suffered physical accidents using video games in psychotheraphy
_cAngelo H. Pera
260 _aLas Pinas City
_bSouthville International School and Colleges
_cC2021
300 _aix, 41pp.
_c28cm
_fTheses
500 _aPsychotherapy.
942 _2lcc
_cTH
999 _c364875
_d364875